000 00313nam a2200133Ia 4500
005 20251222153558.0
008 251222s9999||||xx |||||||||||||| ||spa||
082 _a658.151/E92
100 _aEstupiñan Gaitán, Rodrigo
245 0 _aEstados Financieros:
250 _a1ra.ed.
264 _bMacro
942 _cLIB
999 _c31126
_d31126